000 00711nam a2200205Ii 4500
003 JO-AjNU
008 230606s9999||||xx |||||||||||||| ||und||
020 _a978-8-492-49299-1
040 _aJO-AjNU
_beng
_erda
_cJO-AjNU
041 _aeng
050 1 4 _aTK5105.5 2022
100 3 _aCallaway.jason,
_eauthor
_96725
245 0 0 _aComputer NetWorking 2 Books in 1 All you Need to Know to Become a Networking Engineer form Scratch: Wireless Technologies ,Network system, IP subnetting,Cybersecurity,and much more
264 3 1 _aUSA, 2022
300 _a181p
336 _atext
_btxt
_2rdacontent
337 _aunmediated
_bn
_2rdamedia
338 _avolume
_bnc
_2rdacarrier
650 4 _acomputer NetWorking
_96726
999 _aE3493
_c3486
_d3486